<?xml version="1.0" encoding="UTF-8"?>
<record
    xmlns:xsi="http://www.w3.org/2001/XMLSchema-instance"
    xsi:schemaLocation="http://www.loc.gov/MARC21/slim http://www.loc.gov/standards/marcxml/schema/MARC21slim.xsd"
    xmlns="http://www.loc.gov/MARC21/slim">

  <leader>00329    a2200109   4500</leader>
  <controlfield tag="001">ART_42617</controlfield>
  <controlfield tag="005">20260410161953.0</controlfield>
  <controlfield tag="008">260409a                                 </controlfield>
  <datafield tag="245" ind1="1" ind2="0">
    <subfield code="a">Derecho empresario o individualista</subfield>
  </datafield>
  <datafield tag="100" ind1="1" ind2=" ">
    <subfield code="a">Chiappini, Julio O.</subfield>
  </datafield>
  <datafield tag="773" ind1="0" ind2=" ">
    <subfield code="t">Temas de derecho comercial</subfield>
    <subfield code="g">- A&#xF1;o 3, N&#xBA; 6 (jun. 2017)</subfield>
    <subfield code="w">REV28151</subfield>
  </datafield>
  <datafield tag="999" ind1=" " ind2=" ">
    <subfield code="c">30538</subfield>
    <subfield code="d">30538</subfield>
  </datafield>
</record>
